=LDR 00000nam 2200000 4500 =001 INLIS000000000016374 =005 20130612111644 =008 ***********************************Ind** =035 ##$$0010-061300000016374 =041 ##$$a Ind =082 ##$$a F Rom K =090 ##$$a F Rom K, Sit a =100 ##$$a Sitanggang, Tua =245 ##$$a Anak Nusantara, Tua Sitanggang =260 ##$$a 2000 $b (S.I) =300 ##$$a 92 hlm., ilus, 21 cm =650 ##$$a Fiksi kanak-kanak =850 ##$$a NBPNMAT